| 000 | 02057nam a2200385 4500 | ||
|---|---|---|---|
| 003 | EC-UNACH | ||
| 005 | 20250514094205.0 | ||
| 006 | s||||gr|||| 00| 00 | ||
| 008 | 150116t9999 mx r gr 000 0 spa d | ||
| 020 | _a9789942963390 | ||
| 040 |
_aEC-UNACH _cEC-UNACH |
||
| 041 | _aspa | ||
| 082 | 0 | 4 |
_223 _a300 _bL017749 |
| 110 | _aCentro Andino de Acción Popular (CAAP) | ||
| 245 | _aEcuador Debate N°102.Liderazgos Políticos y Elecciones Locales | ||
| 250 | _aPrimera edición | ||
| 264 |
_aQuito – Ecuador _bCAAP _c2017 |
||
| 300 |
_a188 _bCuadros _c14,5 X 21 cm |
||
| 505 | _aParricidas, leales y traidores. La dramática transición ecuatoriana hacia el poscorreísmo. -- Conflictividad socio política: Julio-Octubre 2017. -- Liderazgo indígena tras la disolución de la Hacienda. -- Retorno de elites y disputa por el control del territorio entre residentes y campesinos en Torotoro, Bolivia. -- Provincia de Buenos Aires ¿La jefatura comunal como "techo de cristal" de los intendentes bonaerenses? . -- Carreras Políticas Femeninas en el Municipio del Distrito Metropolitano de Quito. -- Nueva organización electoral subnacional (OPLES) y su repercusión en las elecciones locales en México. -- Del Banco Comercial y Agrícola al Ingenio San Carlos (1925-1950). -- La leyenda de la Revolución Nacional en Bolivia: las creencias colectivas, los recursos naturales y la labor de los intelectuales progresistas. -- El Estado extractivista y el Estado penal: el caso de Intag, Ecuador. | ||
| 650 | _aPOSCORREÍSMO | ||
| 650 | _aLIDERAZGO INDÍGENA | ||
| 650 | _aTOROTORO, BOLIVIA | ||
| 650 | _aORGANIZACIÓN ELECTORAL | ||
| 650 | _aINGENIO SAN CARLOS | ||
| 700 | _aTuaza Castro, Luis Alberto | ||
| 700 | _aBurbano de Lara, Felipe | ||
| 700 | _aGalindo, Fernando | ||
| 700 | _aMansilla, Felipe | ||
| 700 | _aCarino Castro, Susana | ||
| 942 |
_2ddc _c1 |
||
| 999 | _c13532 | ||